000 00814nam a2200205 i 4500
001 117954
003 ES-MaACL
005 20250905150207.0
007 t|
008 070214s1913 sp r ||||1| spa d
100 1 _aPerés, Ramón D.,
_d1863-1956
_990527
245 1 0 _aDiscursos leídos en la Real Academia de Buenas letras de Barcelona en la recepción... de D. Ramón Domingo Perés..., [contestación de D. Federico Rahola y Tremols].
260 _aBarcelona :
_b[s.n.],
_c1913 (
_fImp. de la Casa Provincial de Caridad)
300 _a29 p. ;
_c23 cm.
500 _aTema: Verdaguer y la evolución poética catalana.
600 1 4 _aVerdaguer, Jacint,
_d1845-1902
_9113998
700 1 _aRahola y Trémols, Federico,
_d1858-1919
_995016
852 _aES-MaACL
_jT-1322-F-9
999 _c117954
_d117954